01584nam a22003617a 4500003000900000005001700009007000300026008004100029020001800070040002500088082002200113100003500135245008800170260005800258300003100316490002800347504003000375505008500405505005700490505005600547505009300603505006200696505010300758505004300861505007200904505003000976505002801006650002601034650003501060650003901095700004201134700004601176DO-SdBNP20211115114247.0ta211112b2018 a|||e |||| 001 0 spa d a9789945580501 aDO-SdBNPbspacBNPHU4 222a346.03bH557r10aHernández Ramos, Pedro Pablo10aResponsabilidad civil /cPedro Pablo Hernández ; editor Lennys Tejada Betancourt  aSantiago de los Caballeros, Rep. Dom. :bUAPA,c2018. a261 p. : (5)bil.; c27 cm aAutoaprendizaje ;vv. 8 aBibliografía : p. 261  aUnidad I. Evolución de la responsabilidad civil y sus fundamentos jurídicos. aUnidad II. Los regímenes de responsabilidad civil. aUnidad III. Requisitos de la responsabilidad civil. aUnidad IV. Las causas eximentes de responsabilidad civil y el derecho a la reparación. aUnidad V. Responsabilidad civil de ciertos profesionales. aUnidad VI. Responsabilidad civil del Estado, las entidades públicas, sus funcionarios o agentes. aUnidad VII. Régimen de las pruebas. aUnidad VIII. La acción en responsabilidad civil y la competencia. aBibliografía básica.  aBibliografía general.4 aResponsabilidad civil4 aResponsabilidad civilvSeguros4 aResponsabilidad vextracontractual1 aTejada Betancourt , Lennys Geeditor1 aHernández, LuisaeCorrección y estilo